| 000 -LEADER |
| fixed length control field |
00319cam a22000977a 4500 |
| 008 - FIXED-LENGTH DATA ELEMENTS--GENERAL INFORMATION |
| fixed length control field |
180718b1992 xxu||||| |||| 00| 0 eng d |
| 100 ## - MAIN ENTRY--PERSONAL NAME |
| Personal name |
Sharma, Ramvilash |
| 245 ## - TITLE STATEMENT |
| Title |
Swadhinta sangram badelte pariprekshyai |
| Statement of responsibility, etc. |
Ramvilash Sharma |
| 260 ## - PUBLICATION, DISTRIBUTION, ETC. |
| Place of publication, distribution, etc. |
Delhi vishvvidhyalya |
| Name of publisher, distributor, etc. |
Hindi Madhyam Karyanvay Nedeshalaya |
| Date of publication, distribution, etc. |
1992 |
| 300 ## - PHYSICAL DESCRIPTION |
| Extent |
252p. |